LIBRARY & INFORMATION CENTRE, KCAET, TAVANUR

ONLINE PUBLIC ACCESS CATALOGUE (OPAC)

Design and development of a lime applicator attachment to tractor operated rotavator (Record no. 14919)

MARC details
000 -LEADER
fixed length control field 00696nam a22001817a 4500
003 - CONTROL NUMBER IDENTIFIER
control field OSt
088 ## - REPORT NUMBER
Report number 363
100 ## - MAIN ENTRY--AUTHOR NAME
Personal name SALSAN K
245 ## - TITLE STATEMENT
Title Design and development of a lime applicator attachment to tractor operated rotavator
260 ## - PUBLICATION, DISTRIBUTION, ETC. (IMPRINT)
Place of publication Tavanur 2017
Name of publisher DEPARTMENT OF FARM POWER MACHINERY AND ENERGY
300 ## - PHYSICAL DESCRIPTION
Number of Pages 95
500 ## - GENERAL NOTE
General note Design and development of a lime applicator attachment to tractor operated rotavator
520 ## - SUMMARY, ETC.
Summary, etc Design and development of a lime applicator attachment to tractor operated rotavator
700 ## - ADDED ENTRY--PERSONAL NAME
Personal name Dr. Preman P.S (Guide)
856 ## - ELECTRONIC LOCATION AND ACCESS
Uniform Resource Identifier https://drive.google.com/open?id=1QVvFkSfOVqRPRDDkmUY_8SsUci-gyjnX
942 ## - ADDED ENTRY ELEMENTS (KOHA)
Koha item type Theses
Holdings
Collection code Home library Current library Shelving location Full call number Accession Number Koha item type Public note
Reference KAUAET KAUAET Reference 631.3 SAL/DE T 363 Theses M.Tech Thesis
free website counter